Un site géographique unique par département - Statistiques

Statistiques générales
  • Ce quiz a été pris 200 fois
    34 depuis la dernière actualisation
  • Le résultat moyen est 20 sur 101
Statistiques - réponses
N. Département Description Réponse % Correct
14 Calvados Ville normande connue pour sa broderie d'une longueur de 68 mètres qui décrit les différentes étapes de la conquête de l'Angleterre par Guillaume de Normandie, elle est réalisée en lin et laine au point traditionnel qui porte son nom. Bayeux
62%
27 Eure Petite commune où s'est installé Claude Monet en 1883, il y creusera un bassin à nénuphar qui servira de modèle pour ses Nymphéas et y restera jusqu'à sa mort. De nombreux peintres, notamment américains, suivront ses pas, faisant du village un haut lieu de l'impressionisme. Giverny
58%
54 Meurthe-et-Moselle Place emblématique de Nancy inscrite au patrimoine mondial de l'UNESCO, elle est construite au milieu du XVIIIè siècle sous l'impulsion du beau-père de Louis XV, alors duc de Lorraine. Elle est reconnaissable pour ses bâtiments, comme l'hôtel de ville, l'opéra et l'hôtel de la Reine, ses grilles et son arc de triomphe dans un style corinthien, ainsi que ses fontaines rococo. La Place Stanislas
54%
26 Drôme Chef d'oeuvre de l'art naïf construit à la fin du XIXè siècle par un facteur qui avait fait un rêve, il puise ses inspirations dans divers cultures et religions comme la Bible, les mythologies égyptienne ou hindoue, et inspire à son tour des oeuvres de Picasso et Max Ernst. Le Palais Idéal du Facteur Cheval
50%
90 Territoire de Belfort Monument colossal en haut-relief, il est sculpté par Auguste Bartholdi entre 1875 et 1880 dans la roche rouge. Il commémore la résistance de la ville menée par le colonel Denfert-Rochereau face à l'armée Prussienne en 1870, qui lui a permis d'être la seule ville Alsacienne à rester française à la fin de la guerre. Le Lion de Belfort
46%
59 Nord Musée de Roubaix qui tire son nom de sa localisation étonnante, son origine remonte à 1835 quand des manufacturiers décident de créer un fonds d'échantillon de leurs textile mais il n'est installé dans son bâtiment actuel qu'en 1990. Il est remarquable par son style art déco et ses collections mixtes d'art appliqués et de beaux arts. La Piscine
42%
87 Haute-Vienne Village marqué par le massacre de 643 habitants par une division SS en 1944, il est aujourd'hui devenu site martyr et commémoratif des horreurs nazies, les ruines ravagées par le feu du village préservées afin d'entretenir l'émotion provoquée par la découverte de ce crime de guerre. Oradour-sur-Glane
42%
72 Sarthe Circuit de course automobile non permanent utilisé par la plus célèbre des courses d'endurance organisé par l'Automobile Club de l'Ouest depuis 1923, il est l'un des circuits automobiles les plus longs du monde avec une longueur de plus de 13 km. Il contient la ligne droite des Hunaudières, où les pilotes ont parfois atteint des vitesses allant jusqu'à 400 km/h. Le Circuit des 24 Heures du Mans
38%
79 Deux Sèvres Zone humide de 100 000 hectares surnommée la "Venise verte", elle est également à cheval avec la Vendée et la Charente-Maritime. Aménagée dès le Moyen Âge pour l’agriculture et la pêche au moyen de milliers de kilomètres de canaux, de rigoles et de fossés, elle est composée de trois ensembles - un maritime, un desséché, et un mouillé. Le Marais poitevin
38%
93 Seine-Saint-Denis Marché emblématique créé en 1885 à la suite l'arrêté du préfet Poubelle relatif à l'enlèvement des ordures ménagères qui prive les chiffoniers de leur matière première, il regroupe près de 2000 marchands sur 7 hectares. C'est le premier marché d'art et d'antiquités au monde par sa fréquentation de plus de 5 millions de visiteurs par an. Le Marché aux puces de Saint-Ouen
38%
77 Seine-et-Marne Ville médiévale célèbre pour ses fortifications, qui comprend des remparts, tours et portes datant du XIIè au XIVè siècle. Ancien centre de foires commerciales au Moyen Âge, elle est aujourd’hui inscrite au patrimoinde mondial de l'UNESCO pour ses spectacles historiques. Provins
38%
92 Hauts-de-Seine Gratte-ciel le plus emblématique de l'agglomération parisienne, il est inauguré le 14 Juillet 1989 pour le bicentennaire de la Révolution. Il reprend la forme d’un cube ajouré qui rappelle celle de l'Arc de Triomphe et du haut de ses 110m, il domine le quartier d'affaire le plus attractif de Paris et s'inscrit dans son axe historique. La Grande Arche de La Défense
35%
68 Haut-Rhin Château fort alsacien du XIIè siècle, il est situé dans le massif des Vosges où il se dresse à 757m d'altitude qui lui donnent une vue panoramique sur la pleine d'Alsace. Restauré par Guillaume II avant la 1ère Guerre Mondiale, on y trouve toujours son blason, il demeure donc l'un des seuls symboles de la présence allemande en Alsace entre 1869 et 1918. Le Château du Haut-Koenigsbourg
35%
84 Vaucluse Sommet le plus élevé du Vaucluse du haut de ses 1912m, son isolement géographique lui permet d'être visible sur de longues distances. Son ascension, pour la première fois documenée par le poète Pétrarque en 1336, est emblématique de sports comme la randonnée, les courses motorisées ou le cyclisme, et elle fait souvent l'objet d'une étape du tour de France. Le Mont Ventoux
35%
65 Hautes-Pyrénées Observatoire astronomique et émetteur de télécommunication situé en haut d'un pic des Pyrénées à l'altitude de 2876m, il est construit dans les années 1870 sur un site déjà connu pour les observations astronomiques depuis le XVIIè siècle. La particule hypéron y a été découverte en 1953 par Louis Leprince-Ringuet. L'Observatoire du Pic du Midi
35%
66 Pyrénées-Orientales Village du Roussillon connu pour ses espaces naturels comme sa côte rocheuse et son patrimoine historique comme son moulin sur la colline, son château royal ou ses nombreux forts, il a accueilli de nombreux artistes comme Henri Matisse et André Derain qui y fondèrent le courant du fauvisme. Collioure
31%
19 Corrèze Village surnommé "Cité aux vingt-cinq tours", où fut fondée l'association Les plus beaux villages de France en 1982, il est connu pour ses batiments faits de grès pourpre qui lui donnent sa couleur rouge caractéristique. Collonges-la-Rouge
31%
71 Saone et Loire Abbaye bénédictine fondée en 910 par Guillaume 1er d'Aquitaine, elle fut le centre du plus important ordre monastique du Moyen Âge. Détruite pendant la Révolution, il ne reste aujourd'hui plus que 8% de l'édifice final. On y a découvert en 2017 un trésor caché comprenant plus de 2 200 deniers et oboles en argent. L'Abbaye de Cluny
31%
60 Oise Cathédrale emblématique de l'art gothique, elle en possède la plus haute voûte avec 48,5m. Sa tour de 153m lui permit d'être la plus haute structure humaine au monde de sa construction en 1569 à son effondrement en 1573. Elle renferme une horloge astronomique de plus de 90 000 pièces mécaniques ainsi que la plus ancienne horloge médiévale à carillons toujours en état de marche. La Cathédrale Saint-Pierre de Beauvais
31%
25 Doubs Bâtiment de production industrielle de sel ignigène, parmi les plus massifs en Europe au XVIIIè-XIXè siècle, aujourd'hui au patrimoine mondial de l'UNESCO. Sa construction fut ordonnée par Louis XV pour transformer la saumure de Salins-les-Bains. La Saline Royale d'Arc-et-Senans
31%
67 Bas-Rhin Montagne sacrée surplombée d'une abbaye, c'était dans l'Antiquité un lieu de culte celte dont il reste un mur païen avant de devenir un lieu de pèlerinage qui encore aujourd'hui accueille plus d'un million de personnes par an. La vue à son sommet (764m) s'étend jusqu'à la Forêt-Noire et aux Alpes Bernoises. Le Mont Saint-Odile
31%
85 Vendée Chaussée remarquable pour être la plus longue route submersible de France, submergée à marée haute et pratiquable à marée basse, elle relie l'île de Noirmoutier au continent. Elle nécessite de connaître les horaires des marées pour traverser en toute sécurité, la marée montante étant souvent la cause d'accident parfois mortels. Le Passage du Gois
31%
974 Réunion Point culminant de l'Océan Indien à 3069m, il marque le sommet d'un édifice volcanique qui occupe les trois cinquièmes de la surface de l'île. Ses escarpements sont des lieux de nidification d'un pétrel endémique, et il est entouré de plusieurs cirques comme celui de Mafate. Le Piton des Neiges
31%
15 Cantal Viaduc ferroviaire au-dessus des Gorges de la Truyère, construit par Gustave Eiffel entre 1880 et 1884, il était à son inauguration le plus haut viaduc du monde avec 122 m. Le Viaduc de Garabit
31%
55 Meuse Monument à la mémoire des soldats allemands et français morts en 1916 lors de la bataille de Verdun, il abrite les restes de 130 000 soldats inconnus, français et allemands. Il est aujourd'hui l'un des symboles de l'amitié franco-allemande, depuis la poignée de main de François Mitterand et Helmut Kohl en 1984 en mémoire de la guerre. L'Ossuaire de Douaumont
31%
30 Gard Jardin exotique de flore asiatique unique en Europe par ses dimensions, avec une superficie de 34 hectares, il contient l'une des plus vieilles collections européennes de bambous atteignant jusqu'à 25 mètres de hauteur. La Bambouseraie en Cévennes
27%
35 Ille-et-Vilaine Forêt légendaire de 9000 hectares, elle est souvent identifiée à Brocéliande, la forêt féerique des mythes arthuriens. On y trouve de nombreux châteaux et manoirs ainsi que des vestiges mégalithiques qui sont associés dans les contes locaux à des personnages comme Viviane ou Merlin. La Forêt de Paimpont
27%
50 Manche Péninsule du Cotentin aux paysages sauvages et littoraux préservés, connue pour son cap doté d'un phare et sa riche faune ornithologique, elle abrite également l'un des plus grands centres de retraitement de déchets nucléaires au monde. On y trouve également l'ancienne maison de Jacques Prévert, qui qualifiait la région du "Finistère le plus proche de Paris". La Hague
27%
03 Allier Commune dont le seigneur, enterré dans son château médiéval, a pour épitaphe : “S’il n’était pas mort, il ferait encore envie.” Son nom a donné naissance à une célèbre figure de style. Lapalisse
27%
61 Orne Etablissement créé par Colbert en 1665, il est le plus vieux des haras nationaux français. Son domaine s'étend sur plus de 1000 hectares et renferme un château et ses terrasse, une sellerie qui possède une collection de harnais d'attelage, ainsi que la tombe de Furioso, un pur-sang anglais père de plus de 300 chevaux de sport dont le champion olympique de 1964. Le Haras du Pin
27%
52 Haute-Marne Lac à la limite de la frontière entre la Marne et la Haute-Marne, il s'agit du plus grand lac artificiel de France par sa superficie de 48 km carrés. Initialement conçu en 1967 pour protéger Paris des inondations, il est fameux pour son importante population de grues cendrées, plusieurs centaines de milliers d'entre elles y transitant chaque année. Le Lac du Der-Chantecoq
27%
07 Ardèche Mont du Massif Central à l'étrange forme grossièrement prismée, héritière d'un volcanisme péléen, il accueille également à son pied les trois sources de la Loire. Le Mont Gerbier-de-Jonc
27%
48 Lozère Gorges pittoresques du massif central aux nombreux cirques, situées entre les causses Méjean et de Sauveterre, elles sont remarquables par leur longueur (plus de 50 km) et leur hauteur (600 m). Elles sont également connues pour leur faune cavernicole avec des espèces endémiques de mollusques et des chauve-souris rares. Les Gorges du Tarn
27%
17 Charentes Maritimes Petite île au nord de l'estuaire de la Charente, entre l'ile de Ré et l'ile d'Oléron, connue pour ses fortifications comme le fort Liédot, elle donne son nom à la plus petite commune du département, à laquelle le fort Boyard est administrativement rattaché. L'Ile d'Aix
27%
2B Haute-Corse Plus haut sommet de Corse et l'un des pics les plus prominents d'Europe, il donne son nom à un massif montagneux traversé par de nombreuses vallées, dont celle du Fango, inscrite comme réserve de biosphère à l'UNESCO. Monte Cinto
27%
51 Marne Forêt domaniale située au nord-est de la Montagne de Reims, on y trouve la plus grande concentration mondiale d'hêtres tortillards ou faux, des arbres caractérisés par un tronc tortueux et des branches tordues qui retombent jusqu'au sol. Certains ont un nom évocateur, comme le fau "de la mariée" ou "de la tête de boeuf". Forêt de Verzy
23%
89 Yonne Basilique romane construite au XIIè siècle sur une colline dédiée à Sainte-Marie-Madeleine, son rôle de lieu de pèlerinage majeur sur le chemin de Saint-Jacques-de-Compostelle lui a valu d'être inscrite au patrimoine mondial de l'UNESCO. Célèbre pour ses portails sculptée, elle a notamment été le point de départ de plusieurs croisades. La Basilique de Vézelay
23%
75 Paris Ancienne ligne ferroviaire du XIXè siècle, elle forme une boucle d’environ 30 kilomètres autour de Paris qui permettait aux trains de marchandise de contourner la ville. Progressivement abandonnée au cours du XXᵉ siècle, elle subsiste à travers des tronçons en ruine particulièrement prisés des amateurs d'exploration urbaine. La Ligne de Petite Ceinture
23%
78 Yvelines Château d'un style néoclassique construit au XIXè siècle par Alexandre Dumas, nommé d'après l'un de ses ouvrages, il se trouve en bord de Seine à quelques kilomètres de Paris. Entouré d'un parc à l'anglaise de neuf hectares, il est qualifié par Balzac de la plus royale bonbonnière qui existe. Le Château de Monte-Cristo
23%
36 Indre Domaine contenant un chateau reconstruit au XVIIIè siècle, il est principalement connu pour avoir été la propriété d'une grande écrivaine française qui y reçut ses amis artistes comme Balzac, Chopin ou Delacroix. Le Domaine de Georges Sand
23%
44 Loire-Atlantique Bâtiment surmonté d'une tour situé dans le centre ville de Nantes, il fut autrefois le local d'une ancienne biscuiterie nantaise bien connue dont il garda les initiales après sa reconversion en 2000 en centre de culture contemporaine. Le Lieu Unique
23%
33 Gironde Seul phare français inscrit au patrimoine mondial de l'Unesco, situé à proximité de l'île sans nom dans l'estuaire de la Gironde, il est le 10ème phare le plus élevé du monde du haut de ses 67 mètres. Construit en 1611 et gardienné de manière ininterrompue depuis, il est surnommé le Versailles de la Mer. Le Phare de Cordouan
23%
46 Lot Pont fortifié du XIVè siècle franchissant le Lot à l'ouest de Cahors, il possède trois tours fortifiées et six arches précédées de becs aigus. Egalement appelé Pont du Diable, la légende raconte que son maître d'oeuvre aurait vendu son âme au diable pour accélerer sa construction, mais qu'il aurait réussi à la sauver par la ruse. Le Pont Valentré
23%
24 Dordogne Jardins de buis taillés, surmonté de cyprès et parsemé de cyclamens de Naples, ils ont été crées au XVIIè siècle autour d'un château du Périgord noir. Ils sont perchés sur un éperon rocheux au-dessus d'une vallée, ce qui leur vaut le surnom de jardins suspendus. Les Jardins de Marqueyssac
23%
73 Savoie Etablissement thermal national de 1783, son architecture monumentale mêle néoclassicisme et art déco. Alimenté par des sources déjà exploitées à l’époque romaine, il est l’un des plus grands complexes thermaux de France et un symbole important de la tradition thermale, près du plus grand lac naturel d'origine glaciaire du pays. Les Thermes nationaux d'Aix-les-Bains
23%
10 Aube Abbaye fondée en 1115, la plus féconde de l'ordre cistercien avec plus de 80 abbayes-filles, elle fut ensuite reconvertie en centre pénitentiaire de 1808 à 2023. Parmi ses prisonniers notables, Claude Gueux qui inspira le roman du même nom à Victor Hugo. L'Abbaye de Clairvaux
19%
08 Ardennes Centrale nucléaire de la pointe de Givet située à quelques kilomètres de la Belgique, elle est l'unique centrale nucléaire provenant d'une coopération internationale encore en activité en France. Elle est connue pour sonlaboratoire souterrain international pour étudier le phénomène d'oscillation du neutrino. La Centrale nucléaire de Chooz
19%
2A Corse du Sud Archipel de quatre îlots à l'entrée du golfe d'Ajaccio, il tirerait son nom de la lumière du coucher de soleil sur la mer. Il est connu pour son phare qui est le décor d'une nouvelle d'Alphonse Daudet, sa tour génoise, son sémaphore et son lazaret. L'Archipel des Sanguinaires
19%
39 Jura Reculée spectaculaire, elle est formée d'une vallée longue de 9,5 km et profonde de 200m qui sépare un plateau calcaire en deux et terminée par un cirque au fond duquel se situe une cascade remarquable par ses massifs de tuf calcaire. La Reculée de Baume-les-Messieurs
19%
34 Hérault Cirque formé par un méandre de la Vis dans des gorges entre les causses du Larzac et de Blandas, une vingtaine d'espèces d'oiseaux y nichent comme l'aigle royal ou le vautour fauve. On trouve dans ses grottes des preuves d'occupation par l'homme à chaque âge, du Néolithique à la Renaissance. Le Cirque de Navacelles
19%
45 Loiret Pont qui permet au canal latéral à la Loire de passer au-dessus de cette dernière, il mesure 662 mètres de long pour 11 de haut. Réalisé en partie par Gustave Eiffel, il est 30% plus lourd que la tour Eiffel. Construit dans les années 1890, il fut le plus long pont-canal métallique au monde jusqu'en 2003. Le Pont canal de Briare
19%
02 Aisne Creute souterraine utilisée comme lieu stratégique du Chemin des Dames, elle tire son nom des étincelles des mitrailleuses qui jaillissaient de ses entrées lors des combats de la Première Guerre Mondiale. La Caverne du Dragon
15%
28 Eure-et-Loir Maison entièrement recouverte de faïence et de verre en mosaïque, elle est réalisée par un seul homme, balayeur de cimetière, à Chartres au court du XXè siècle. Son intérieur est recouvert de fresques montrant divers monuments comme le Mont Saint-Michel ou la Cathédrale de Chartres. La Maison Picassiette
15%
13 Bouches du Rhône Plaine naturelle et dernier habitat steppique d'Europe occidentale, elle abrite un écosystème unique en France, symbolisé par son criquet endémique aujourd'hui en danger critique d'extinction. La Plaine de la Crau
15%
01 Ain Première rivière de France à recevoir le label "Rivière Sauvage", elle sépare le pays de Gex du Jura. Elle est connue pour ses pertes, un canyon en fente où elle a creusé des marmites de géant. La Valserine
15%
62 Pas de Calais Ouvrage de charpente accolé à l'hôtel de ville, sa construction commence au cours du XVè siècle dans un style gothique flamboyant. Détruit puis reconstruit à l'identique à plusieurs reprises, il fait partie du patrimoine mondial de l'UNESCO depuis 2005. Dominant sa ville du haut de ses 72m, il abrite quatre cloches qui sonnaient l'ouverture et la fermeture ses portes au Moyen Age. Le Beffroi d'Arras
15%
11 Aude Château anciennement fief d'un seigneur cathare, reconstruit sous Louis IX afin de servir de fort imprenable face à l'Aragon. Il fait partie des "cinq fils de Caracassonne" avec Quéribus, Termes, Puilaurens et Aguilar. Le Château de Peyrepertuse
15%
04 Alpes de Haute-Provence Lac naturel de haute altitude, le plus grand d'Europe en son genre, ses 43 hectares sont dominés par le mont Pelat (3051 mètres) au sein du parc national du Mercantour. Le Lac d'Allos
15%
83 Var Archipel comprenant plusieurs îles dont Porc-Cros, Porquerolles et le Levant, il est réputé pour ses vestiges stratégiques comprenant des forts, des phares et des épaves, qui démontrent son rôle stratégique de la côté méditerranéenne, ainsi que ses plages et ses forêt qui offrent un paysage idyllique. Les Iles d'Hyères
15%
22 Côtes d'Armor Cordon de galets long de plus de 3 kilomètres formant une flèche littorale unique en Europe, il sépare la mer et la baie de Lannion. Son milieu préservé abrite le plus grand champ d'algue d'Europe. Le Sillon de Talbert
15%
70 Haute-Saône Chapelle catholique érigée sur une colline par l'architecte Le Corbusier à l'emplacement d'un ancien sanctuaire romain et d'une ancienne chapelle reconstruite une première fois dans l’entre-deux-guerres, son architecture est notable pour receler de nombreuses contradictions - la chapelle est à la fois carrée et ronde, élancée et trapue, basse et haute. La Chapelle Notre-Dame du Haut
12%
37 Indre-et-Loire Tour qui est la seule vestige d'un château démantelé par des marchands au début du XIXè, elle est un temple dédiée à l'amitié. Elle évoque par son nom et sa forme les chinoiseries en vogue au siècle des Lumières, mais elle est en réalité de pur style Louis XVI. La Pagode de Chanteloup
12%
06 Alpes Maritimes Vallée du massif du Mercantour où plus de 40 000 gravures rupestres préhistoriques ont été gravées à même la roche datant du Néolithique récent à l'Age du Bronze ancien. La Vallée des Merveilles
12%
21 Côte d'Or Château situé au coeur du vignoble homonyme, entre Dijon et Beaune, c'est le siège des climats de Bourgogne depuis leur inscription à l'UNESCO en 2015. Fondé par des moines cisterciens, il est aujourd'hui tenu par la confrérie des Chevaliers du Tastevin. Le Château du Clos de Vougeot
12%
18 Cher Hôtel particulier de Bourges nommé d'après le marchand qui l'a fait construire au XVème siècle avant d'être condamné et de fuir en Grèce, il est l'un des meilleurs exemples d'architecture gothique flamboyante en France. Le Palais Jacques Coeur
12%
58 Nièvre Sanctuaire religieux dédié à une sainte du XIXè siècle qui affirmait être témoin de 18 apparitions de la vierge Marie, il est constitué de plusieurs chappelles, des jardins, un musée ainsi qu'une grotte qui est une reproduction de Massabielle près de Lourdes qui aurait été le décor de la première vision religieuse de la sainte. Le Sanctuaire Sainte Bernadette Soubirou
12%
32 Gers Seule arène de 1ère catégorie située dans une ville de moins de 20000 habitants, sa capacité d'accueil est près de deux fois supérieure à la population de sa commune. Elle accueille chaque année près de 35000 près de 35000 aficionado le week-end de Pentecôté ainsi qu'un festival de salsa au mois de Juillet. Les Arènes de Vic-Fezensac
12%
38 Isère Temple romain périptère édifié au début du 1er siècle, il est dédié au culte impérial de l'empereur et son épouse. Il devient église paroissiale lors de la christianisation, puis temple de la Raison sous la Révolution avant d'être restauré en 1852, il s'agit d'un des derniers édifices de ce type sur le sol Français avec la Maison Carrée de Nîmes. Le Temple d'Auguste et de Livie
12%
05 Hautes-Alpes Village dont la place forte est inscrite au patrimoine mondial de l'UNESCO, il a été fondé par Vauban afin de verrouiller les vallées de la Haute Durance et du Guil. Mont-Dauphin
12%
42 Loire Quartier d'une banlieue de Saint-Etienne connu pour un ensemble de bâtiments conçus par le Corbusier et inscrits au patrimoine de l'UNESCO à ce titre, son architecte est mort avant la fin des travaux qui ont du être repris par ses élèves pour certains bâtiments. Firminy-Vert
8%
82 Tarn-et-Garonne Abbaye bénédictine fondée au XIᵉ siècle, elle est réputée pour son cloître sculpté et son portail roman qui font d'elle un exemple emblématique de l’art roman méridional. En particulier, son tympan de 6,5 sur 4,5 mètres dépicte l'Apocalypse selon Saint-Jean et illustre sa vision du Christ. L'Abbaye de Moissac
8%
88 Vosges Huitième plus grand amphithéâtre du monde romain, il date du Ier siècle et pouvait accueillir près de 20 000 spectateurs pour des combats de gladiateurs et spectacles publics. Composante d'un site archéologique incluant également une mosaïque de 232 m2 pavant une basilique, il mesure 60 hectares et se situe dans le massif des Vosges à une altitude de 350m. L'Amphithéâtre de Grand
8%
29 Finistère Monument mégalithique du Néolithique, datant de 4700 avant notre ère, il serait le plus vieux monument d'Europe encore debout. C'est un mausolée constitués d'un total de 11 chambres funéraires, parmi les plus grands de son genre. Le Cairn de Barnenez
8%
80 Somme Théâtre de forme circulaire, il a été construit au XIXè siècle à Amiens sous l'impulsion de l'écrivain qui lui donna son nom. Il combine architecture métallique et style néoclassique, et reste un emblème des théâtres de cirque de la période, proposant chaque année une saison complète d’arts du cirque. Le Cirque Jules-Verne
8%
86 Vienne Église abbaye du XIè siècle célèbre pour ses fresques murales entièrement conservées qui couvrent voûtes et murs, elle est parfois comparée à la chapelle Sixtine. Mise à feu par le Prince Noir pendant la guerre de Cent Ans, elle est aujourd'hui inscrite au patrimoine mondial de l'UNESCO pour son art représentatif de la période romane. L'Église romane de Saint-Savin-sur-Gartempe
8%
43 Haute-Loire Eglise romane édifiée sur un piton volcanique de plus de 80 mètres de hauteur localement surnommé "la fiente de Gargantua", elle est un lieu important de pèlerinage ayant accueilli plusieurs rois comme Louis XI et Charles VIII. L'Église Saint-Michel d'Aiguilhe
8%
74 Haute-Savoie Cavité karstique dont l’entrée se situe à 1 880 mètres d’altitude, elle est explorée au cours du XXè siècle par des spéléologues français. Connue pour l’enchaînement de ses puits verticaux et la complexité de son réseau souterrain, elle fut la cavité naturelle connue la plus profonde du monde jusqu’en 2004 et demeure aujourd’hui le gouffre le plus profond de France. Le Gouffre Mirolda
8%
94 Val-de-Marne Musée situé dans l'Ecole nationale vétérinaire de Maisons-Alfort, il fut créé l'année même de son ouverture en 1766. Suivant la mode des cabinets de curiosités du XVIIIè siècle, il recèle des collections importantes de squelettes animaux, de monstres malformés à la naissance, et d'écorchés pour un total de plus de 4200 pièces. Le Musée Fragonard
8%
47 Lot-et-Garonne Vestiges de fortifications d'une bastide anglaise construite au XXIIIè siècle, c'est une enceinte en forme de pentagone irrégulier d'une longueur de 1250m qui fut théâtre de nombreux combats pour son contrôle lors de la guerre de 100 ans entre 1337 et 1442. L'Enceinte de Vianne
8%
81 Tarn Ancien palais épiscopal situé à côté de la cathédrale Sainte-Cécile à Albi, il a été construit pendant la fin du XIIIè siècle pour renforcer le pouvoir des évêques. Partageant avec de nombreux monuments albigeois la brique foraine rouge qui lui donne sa couleur caractéristique, il est aujourd'hui reconverti en musée sur l'artisté Toulouse Lautrec. Le Palais de la Berbie
8%
76 Seine-Maritime Parc zoologique et botanique fondé au début du XXè siècle par Jean Delacour, ornithologue et spécialiste de la conservation des espèces rares, il s’étend autour d’un château du XVIIIè siècle. Il abrite des animaux en semi-liberté et une collection végétale importante, mêlant patrimoine historique et engagement pour la conservation animale. Le Parc de Clères
8%
57 Moselle Ascenseur à bâteau qui fait partie du canal de la Marne au Rhin, sa mise en service en 1969 a permis de remplacer 17 écluses au franchissement long et laborieux. Il permet à environ 8000 bâteaux de plaisance de circuler dans le canal tout les ans en leur faisant descendre 44m de dénivelé en 4 minutes. Le Plan incliné de Saint-Louis-Arzviller
8%
12 Aveyron Région naturelle du parc des Grandes Causses aux collines rouge vif, son sol riche en argilites et en oxyde de fer a permis l’exploitation minière de cuivre et de plomb jusqu’au Moyen Âge. Le Rougier de Camarès
8%
973 Guyane Archipel d'origine volcanique situé au large de la Guyane, il est aujourd'hui propriété du Centre National d'Etudes Spatiales. Composé de l'île du Diable, l'île Royale et l'île Saint-Joseph, il est connu pour son histoire pénitentiaire, ayant accueilli l'un des bagnes les plus durs au monde entre 1854 et 1947, qui a notamment eu pour prisonnier Alfred Dreyfus et Henri Carrière. Les Iles du Salut
8%
23 Creuse Commune dont les paysages, dominés par les ruines d’un château médiéval, ont inspiré de nombreux peintres du XIXe siècle. Ses vallées et falaises pittoresques ont donné naissance à une école artistique qui porte son nom. Crozant
4%
91 Essonne Propriété typique du XIXè siècle avec son parc d'agrément à l'anglaise, elle est connue pour avoir inspiré deux frères, un peintre et un musicien, entre 1860 et 1879, le premier en particulier ayant peint plus de 90 toiles impressionistes au cours des étés des années 1870 inspiré par ses jardins et ses vergers. La Propriété Caillebotte
4%
49 Maine-et-Loire Château de la Loire du XVIè siècle à quelques kilomètres de Saumur, il est connu pour son réseau troglodytique sous le château qui contient une grande diversité de pièces, allant de la boulangerie jusqu'au pont-levis. Les souterrains s'étendent sur plusieurs kilomètres, sur une profondeur de 18 mètres. Le Château de Brézé
4%
63 Puy-de-Dôme Ancienne usine de coutellerie fermée définitivement en 1956, elle est aujourd'hui reconvertie en centre d'art contemporain, calqué sur le modèle allemand des Kunsthälle qui implique directement les artistes dans les expositions. Placé eu coeur la vallée des Usines sur la commune de Thiers, le bâtiment est construit directement dans le lit de la Durolle. Le Creux de l'Enfer
4%
16 Charente Église monolithe creusée dans une falaise, l'une des plus grandes églises souterraines d'Europe avec sa sœur jumelle à Saint-Émilion, elle est réalisée au XIIe siècle sur ordre du seigneur Pierre de Castillon. L'Eglise Saint-Jean d'Aubeterre sur Dronne
4%
56 Morbihan Menhir associé à un dolmen et un tumulus, il est considéré comme le plus grand mégalithe d'Europe du haut de ses 21 mètres. Aujourd'hui tombé et divisé en quatre fragments, il aurait été la plus haute structure humaine connue à son érection au Vè millénaire avant notre ère, jusqu'à sa chute ou la construction de la pyramide de Djéser en Egypte. Le Grand Menhir Brisé d'Er Grah
4%
69 Rhône Jardin lyonnais au coeur de la Croix-Rousse, il est créé au XXè siècle par un artisan maçon-carreleur réfugié de la guerre d'Espagne qui a consacré les vingt dernières années de sa vie à créer un jardin dédié à sa mère. Il est notable par l'utilisation de milliers de coquillages qui tapissent les murs et le sol du jardin, et l'inspiration espagnole des oeuvres d'Antoni Gaudi. Le Jardin Rosa Mir
4%
53 Mayenne Maison d'artiste aujourd'hui transformée en musée, elle a été décorée par son ancien propriétaire avec des oeuvres d'art et des sculptures de ciment colorées, qui représentent les religions du monde, des artistes et des figures historiques comme Jeanne d'Arc, André Breton ou Jules Verne. Le Musée Robert-Tatin
4%
971 Guadeloupe Ensemble de trois chutes d'eau situées sur le territoire de la commune de Capesterre-Belle-Eau, au pied de la Soufrière, la plus haute d'entre elles mesure 115 mètres de haut. Elles sont décrites par Christophe Colomb en 1493 et seraient l'une des raisons du nom donné à l'île, "Karukera", par les Kalinagos habitant l'île, signifiant "l'île aux belles eaux" dans leur langage. Les Chutes du Carbet
4%
64 Pyrénées Atlantiques Chemin de fer historique construit en 1920 pour faciliter la construction du barrage d'Ossoue, il est reconverti en ligne touristique dans les années 1930. L'une des plus hautes de son genre en Europe, elle cukmine à 1940m d'altitude et traverse un tunnel de 315m de long. Le Train d'Artouste
4%
41 Loir-et-Cher Village connu pour ses habitations troglodytiques et son réseau de carrières de plus de 400 km d'où a été extraite la pierre portant son nom, qui fut utilisée pour la construction de nombreux châteaux de la Loire, il fut également un haut-lieu de la culture du champignon de Paris et de l'élevage de ver à soie. Bourré
0%
95 Val-d'Oise Gare mise en service en Septembre 1985, elle est reconnaissable pour son architecture moderne, composée de structures métalliques et vitrées, qui réalise la plus grande horloge de France et la deuxième d'Europe avec un diamètre de 10 mètres. La Gare de Cergy-Saint-Christophe
0%
09 Ariège Grotte dont les réseaux s'étendent sur plus de 7 kilomètres, elle servit d'abri aux Magdaléniens de la Préhistoire, puis aux cathares pendant la croisade des Albigeois, et aux huguenots durant les guerres de religion. Henri IV y aurait gravé son nom. La Grotte de Lombrives
0%
975 Mayotte Mosquée française située sur la Grande-Terre, sa construction remonte à 1538 ce qui en fait l'une des plus anciennes de l'Océan Indien et la plus vieille mosquée en activité de France. Elle est remarquable par son mirhab en corail sculpté et ses mausolées shiraziens qui témoignent de l'influence des swahili sur l'archipel des Comores. La Mosquée de Tsingoni
0%
31 Haute Garonne Villa gallo-romaine constituée de plus de 200 pièces, avec des thermes, un temple et des jardins intérieurs. Avec sa superficie de 18 hectares, il s'agit de la plus grande villa romaine connue en France à ce jour. La Villa gallo-romaine de Lassales
0%
40 Landes Jetée en charpente construite sous l'ordre de Napoléon III, elle faisait à l'origine 400 mètres avant d'être rasée par les nazis lors de l'établissement du mur de l'Atlantique. Reconstruite à la fin de la guerre avec un phare automatique à son extrémité, elle fait aujourd'hui près de 190 mètres de long. L'Estacade de Capbreton
0%
972 Martinique Ancienne distillerie de rhum fondée au XVIIIè siècle, elle est entourée de jardins tropicaux remarquables et conserve des bâtiments historiques, comme la cuverie et le chais où étaient vieillis le rhum à l'époque. Aujourd'hui reconvertie en musée d'art contemporain, elle est symbolique de l'histoire agricole et industrielle de l'île marquée par l'esclavage. L'Habitation Clément
0%
Aucun quiz correspondant
Distribution des résultats
% des personnes avec chaque résultat
Percentile par nombre de réponses
Votre historique - résultats
Vous n’avez pas pris ce quiz depuis la dernière actualisation